000 00752nam a2200241Ia 4500
003 OSt
005 20220923220609.0
006 a|||||r|||| 00| 0
007 ta
008 220922b |||||||| |||| 00| 0 hin d
024 _a187,834
037 _cTextual
040 _aARTS
_cARTS
_bhin
041 _2hin
_ahin
082 _aW6, 152L3
100 _aरवीन्द्रनाथ
_9156945
245 0 _aवैदिक प्रजातन्त्र
246 _aVaidik prajātantra
260 _aवाराणसी
_b भारतीय विद्या प्रकाशन
_c1973
300 _a188 पृ.
_ccm.
942 _hW6, 152L3
_cTEXL
_2CC
999 _c340911
_d340911